000 00357nam a22001577a 4500
003 OSt
005 20211208133858.0
008 211208b |||||||| |||| 00| 0 eng d
020 _a0713128828
040 _chu
082 _a551.024624
100 _ablyth F.G.H
_922145
245 _aA Geology for engineers
250 _a7 edition
942 _2lcc
_cBOOKS
_n0
999 _c21852
_d21852